[Event "LSS RA-2008-0-00010"]
[Site "LSS email"]
[Date "2008.05.03"]
[Round "?"]
[White "Schabata, Wolfgang"]
[Black "Hrvacic, Pavle"]
[Result "0-1"]
[WhiteElo "2044"]
[BlackElo "2029"]
[PlyCount "30"]
[EventDate "2008.04.17"]
[EventType "tourn (corr)"]
[EventRounds "6"]
[EventCountry "GER"]
[SourceTitle "Corr 2011"]
[Source "ChessBase"]
[SourceDate "2010.08.31"]
[SourceVersion "1"]
[SourceVersionDate "2010.08.31"]
[SourceQuality "1"]

1. e4 e5 2. Nf3 Nc6 3. Bc4 Nf6 4. Ng5 d5 5. exd5 Na5 6. Bb5+ c6 7. dxc6 bxc6 8. Be2 h6 9. Nf3 e4 10. Ne5 Bd6 11. d4 exd3 12. Nxd3 0-0 13. 0-0 Qc7 14. h3 c5 15. b3 c4 0-1

[Event "LSS RA-2008-0-00010"]
[Site "LSS email"]
[Date "2008.05.03"]
[Round "?"]
[White "Schabata, Wolfgang"]
[Black "Mueller Alves, Martin"]
[Result "0-1"]
[WhiteElo "2044"]
[BlackElo "2136"]
[PlyCount "31"]
[EventDate "2008.04.17"]
[EventType "tourn (corr)"]
[EventRounds "6"]
[EventCountry "GER"]
[SourceTitle "Corr 2011"]
[Source "ChessBase"]
[SourceDate "2010.08.31"]
[SourceVersion "1"]
[SourceVersionDate "2010.08.31"]
[SourceQuality "1"]

1. e4 c5 2. d4 cxd4 3. c3 dxc3 4. Nxc3 Nc6 5. Nf3 e6 6. Bc4 d6 7. 0-0 Be7 8. Qe2 a6 9. Rd1 Bd7 10. a3 Rc8 11. Bf4 e5 12. Be3 Nf6 13. h3 Na5 14. Ba2 0-0 15. Rac1 b5 16. Bg5 0-1

[Event "LSS BI-2008-P-00014"]
[Site "LSS email"]
[Date "2008.04.27"]
[Round "?"]
[White "Schabata, Wolfgang"]
[Black "Roman, Adrenalyn"]
[Result "0-1"]
[WhiteElo "2044"]
[BlackElo "1870"]
[PlyCount "32"]
[EventDate "2008.04.27"]
[EventType "tourn (corr)"]
[EventRounds "10"]
[EventCountry "GER"]
[SourceTitle "Corr 2011"]
[Source "ChessBase"]
[SourceDate "2010.08.31"]
[SourceVersion "1"]
[SourceVersionDate "2010.08.31"]
[SourceQuality "1"]

1. e4 c5 2. d4 cxd4 3. Nf3 Nc6 4. Nxd4 Nf6 5. Nc3 d6 6. Bg5 e6 7. Qd2 a6 8. 0-0-0 Bd7 9. f4 b5 10. Bxf6 gxf6 11. Kb1 Qb6 12. Nxc6 Bxc6 13. Qe1 Ra7 14. Bd3 Rg8 15. Qh4 Rxg2 16. f5 Qf2 0-1

[Event "LSS ZH-2008-0-00173"]
[Site "LSS email"]
[Date "2008.03.04"]
[Round "?"]
[White "Schabata, Wolfgang"]
[Black "Pascual Perez, Norge"]
[Result "1/2-1/2"]
[WhiteElo "2040"]
[BlackElo "2145"]
[PlyCount "42"]
[EventDate "2008.03.03"]
[EventType "match (corr)"]
[EventRounds "2"]
[EventCountry "GER"]
[SourceTitle "Corr 2022"]
[Source "ChessBase"]
[SourceDate "2021.10.24"]
[SourceVersion "1"]
[SourceVersionDate "2021.10.24"]
[SourceQuality "1"]

1. e4 e5 2. Nf3 Nc6 3. Bc4 Bc5 4. d3 Nf6 5. Nc3 h6 6. h3 d6 7. Bd2 0-0 8. Qe2 a5 9. a4 Be6 10. 0-0 Bxc4 11. dxc4 Nd4 12. Nxd4 exd4 13. Nd5 Re8 14. Nxf6+ Qxf6 15. Qd3 Re6 16. f3 c6 17. Rae1 b6 18. Rd1 Rae8 19. Kh1 Qd8 20. c3 dxc3 21. Bxc3 Qe7 1/2-1/2

[Event "LSS RA-2008-0-00007"]
[Site "LSS email"]
[Date "2008.02.25"]
[Round "?"]
[White "Koch, Christian"]
[Black "Schabata, Wolfgang"]
[Result "1-0"]
[WhiteElo "2141"]
[BlackElo "2026"]
[PlyCount "37"]
[EventDate "2008.02.18"]
[EventType "tourn (corr)"]
[EventRounds "6"]
[EventCountry "GER"]
[SourceTitle "Corr 2011"]
[Source "ChessBase"]
[SourceDate "2010.08.31"]
[SourceVersion "1"]
[SourceVersionDate "2010.08.31"]
[SourceQuality "1"]

1. e4 e6 2. d4 d5 3. Nd2 h6 4. Ngf3 Nf6 5. e5 Nfd7 6. Nb3 c5 7. dxc5 Nc6 8. Be3 Be7 9. Bb5 0-0 10. Bxc6 bxc6 11. Qd2 Ba6 12. 0-0-0 Bb5 13. h4 a5 14. Bxh6 a4 15. Nbd4 Nxc5 16. Qf4 f6 17. Qg4 Rf7 18. h5 Qe8 19. Bd2 1-0